Commentaria / [por] Cornelius A. Lapide
Guardado en:
| Hovedforfatter: | |
|---|---|
| Format: | Bog |
| Fag: | |
| Tags: |
Ingen Tags, Vær først til at tagge denne postø!
|
MARC
| LEADER | 00000nam^a2200000^u^4500 | ||
|---|---|---|---|
| 001 | 000544998 | ||
| 005 | 20250521000000.0 | ||
| 008 | 060220s1000^^^^^^^^^^^^r^^^^^000^0^spa^d | ||
| 009 | 20260310131339.413 | ||
| 035 | |a FMI 000014332 | ||
| 037 | |a Acervo Xavier Clavigero | ||
| 096 | |a 1.2/1/D | ||
| 100 | |a Lapide, Cornelius, A. |e (autor) | ||
| 245 | 1 | 0 | |a Commentaria / [por] Cornelius A. Lapide |
| 264 | |a Paris : Ludovicus Vives, 1863-1864 | ||
| 300 | |a v. | ||
| 336 | |a texto |b txt |2 rdacontenido | ||
| 337 | |a sin mediación |b n |2 rdamedio | ||
| 338 | |a volumen |b nc |2 rdasoporte | ||
| 597 | |a La Biblioteca posee: t. I-XI, XIII, XV-XXI. | ||
| 597 | |a t. I. Genetis. Exodus. Leviticus. Numeri et Deuteronomium.--t. II. Memoriate.--t. III. In Josue, Judices, Ruth et in Libros I, II, et III Regum.--t. III.-v. 1. Suplementum ad Commentaria. Job.--t. IV. Josue. Judices, Ruth. Libri I-IV. Regum. I-II Paralijomenon. I-II Esdrae, Tobie, Judith, Esther. I-II Machabecorum.--t. V. Proverbia, Salamonis.--t. VI. Proverbia, Salomonis.--t. VII. Ecclesiastes et Canticum Canticorum. Liber Sapientiae.--t. VIII. Ecclesiastes et Canticum Canticorum. Liber Sapientiae.--t. IX. Ecclesiasticus.--t. X. Ecclesiasticus.--t. XI. Baruch et Ezechiel.--t. XIII. Danielum Osee Juelem Ames.--t. XV. In SS. Matthaecum et Marcum.--t. XVI. In SS. Lucam et Joannem.--t. XVII. In Acta Apostolorum.--t. XVIII. Divi Pauli Epistolarum.--t. XIX. Divi Pauli Epistolarum.--t. XX. Epistolarum Canonicarum.--t. 21. Apocalypsis Sancti Joamis | ||
| 649 | |a XX | ||
| 650 | |a COMENATRIOS BIBLICOS | ||
| 910 | |a Fondo Francisco Migoya Covarrubias S.J. | ||
| 920 | |a Impresos - Libros | ||
| 930 | |a Fondos Especiales | ||
| 905 | |a 134 | ||
| 901 | |a SBC05391 |b IT2 |c ESP |u 20250521 | ||
| 901 | |a SBC05392 |b IT2 |c ESP |u 20250521 | ||
| 901 | |a SBC05377 |b IT2 |c ESP |u 20250521 | ||
| 901 | |a SBC05375 |b IT2 |c ESP |u 20250521 | ||
| 901 | |a SBC02063 |b IT2 |c ESP |u 20250521 | ||
| 901 | |a SBC05376 |b IT2 |c ESP |u 20250521 | ||
| 901 | |a SBC05378 |b IT2 |c ESP |u 20250521 | ||
| 901 | |a SBC05379 |b IT2 |c ESP |u 20250521 | ||
| 901 | |a SBC05381 |b IT2 |c ESP |u 20250521 | ||
| 901 | |a SBC02052 |b IT2 |c ESP |u 20250521 | ||
| 901 | |a SBC05382 |b IT2 |c ESP |u 20250521 | ||
| 901 | |a SBC05383 |b IT2 |c ESP |u 20250521 | ||
| 901 | |a SBC05380 |b IT2 |c ESP |u 20250521 | ||
| 901 | |a SBC05384 |b IT2 |c ESP |u 20250521 | ||
| 901 | |a SBC05385 |b IT2 |c ESP |u 20250521 | ||
| 901 | |a SBC05386 |b IT2 |c ESP |u 20250521 | ||
| 901 | |a SBC05387 |b IT2 |c ESP |u 20250521 | ||
| 901 | |a SBC05388 |b IT2 |c ESP |u 20250521 | ||
| 901 | |a SBC05389 |b IT2 |c ESP |u 20250521 | ||
| 901 | |a SBC05390 |b IT2 |c ESP |u 20250521 | ||
| 902 | |a https://opac.biblio.iteso.mx/vufind/Record/000544998 | ||